000 00564nam a2200217Ia 4500
003 OSt
005 20241010063059.0
008 240925s9999 xx 000 0 und d
020 _a8170291224
040 _cfd
082 _a005.133 HOL
100 _aSteven, Halzner -
245 0 _aC With Assembly Language
250 _aNA
260 _aNew Delhi:
_bBPB Publication
_c,1990.
300 _axxvii,1551p.
_bNA
_fOriginal
500 _aIncludes Index
600 _aComputer Science
650 _aComputer science, information & general works
942 _cBK
_2ddc
999 _c3977
_d3977